Loading...
Oru Vesyayude Admakadha
| Hovedforfatter: | |
|---|---|
| Format: | Printed Book |
| Sprog: | Malayalam |
| Udgivet: |
Kerala Sahithya Academy
Kerala Sahithya Academy
1990
|
| LEADER | 00495nam a2200133Ia 4500 | ||
|---|---|---|---|
| 008 | 111205s9999 xx 000 0 mal d | ||
| 082 | |a 850.1 KAR/N | ||
| 100 | |a Mirsarusva | ||
| 245 | |a Oru Vesyayude Admakadha |c Mirsarusva | ||
| 260 | |b Kerala Sahithya Academy |a Kerala Sahithya Academy |c 1990 | ||
| 300 | |a 255 | ||
| 942 | |c BK | ||
| 999 | |c 211511 |d 211511 | ||
| 952 | |0 0 |1 0 |2 ddc |4 0 |6 891_439000000000000_3M1_ORU |7 0 |9 233927 |a MAL |b MAL |c ST1 |d 2011-12-05 |g 40.00 |l 0 |o 891.439 3M1 ORU |p MAL23435 |r 2011-12-05 |v 40.00 |w 2011-12-05 |y BK | ||